| 000 | 00379nam a2200109Ia 4500 | ||
|---|---|---|---|
| 008 | 160712s9999 xx 000 0 und d | ||
| 245 | _aProceedings of the Conference-Workshop on Entrepreneurship Education | ||
| 260 |
_c2013 _bPhilippine Journal on Innovation & Entrepreneurship |
||
| 300 | _avol. 1 no. 1 | ||
| 650 | _xENTREPRENEURSHIP | ||
| 856 | _uhttp://issi.upd.edu.ph/PJIE.pdf | ||
| 999 |
_c297274 _d297274 |
||